000 00344nam a22001217a 4500
022 _29781884885587
082 _a629.133
_bROS
100 _aRoskam, Jan
245 _aLessons Learned in Aircraft Design :
_bthe devil is in the details /
_cRoskam, Jan
260 _aUSA :
_bDAR Corp ;
_c2007.
300 _ax, 498p. ;
_bPaperback
942 _2ddc
_cBK
999 _c594100
_d594100